000 00804nam a2200217Ia 4500
003 GCL
008 140319s9999 xx 000 0 ara d
040 _aGCL /
_cGCL
082 0 4 _a193
_bأ هـ
100 1 _aامام عبدالفتاح امام
245 1 0 _aهيجل : مج1 المنهج الجدلى عند هيجل :
_bدراسات هيجلية - الفلسفة السياسية عن هيجل /
_cامام عبدالفتاح امام
250 _aالاولى
260 _aالقاهرة :
_bمكتبة مدبولى ،
_c1996
300 _a1004 ص ؛
_c24سم
490 _aالمكتبة الهيجلية : الدراسات
_v1
650 0 4 _aالفلسفة
650 0 4 _aالفلسفة الحديثة
650 0 4 _aهيجل
650 0 4 _aالفلسفة الغربية
942 _2ddc
_cBK
999 _c48095
_d48095